Levoča - čiastka hradby Vármegyháza a honvédszoborral

Zobrazenie: V bielom orámovaní pohľad na časť mestských hradieb

Bibliographic Details
Format: Photo
Language:Slovak
German
Hungarian
PhysicalDescription:1 pohľadnica tónovaná do hneda 14 x 9 cm
Published: Lőcse Elek singer [medzi 1922 a 1939?]
Subjects:

MARC

LEADER 00000nkm a2200000 a 4500
001 vtls011779625
003 SK-MaSNL
005 20260301183620.0
007 kf ao
008 230718q1922 xo g00 g k|slo lo
015 |a SNBG 
035 |a urn:nbn:sk:snk-km00dpcw 
035 |a urn:nbn:sk:snk-km3lxxv 
035 |a 61FBA804-4BC4-4ABD-A5A1-895A021ACAF7 
040 |a SNK  |b slo  |c SNK  |e AACR2 
041 0 |a slo  |a ger  |a hun 
043 |a e-xo--- 
044 |a xo  |c SK 
072 7 |a 913  |x Regionálna geografia  |2 konspekt 
080 |a 913(437.6)  |2 2011 
080 |a 725.963  |2 2001 
080 |a (084.121)  |2 2011 
245 0 0 |a Levoča - čiastka hradby  |h grafika  |b Vármegyháza a honvédszoborral 
246 3 1 |a Leutschau - Stadtmauer von innen 
246 3 1 |a Lőcse - Várfal részlet 
260 |a Lőcse  |b Elek singer  |c [medzi 1922 a 1939?]  |e [Prešov]  |f Licthig 
300 |a 1 pohľadnica  |b tónovaná do hneda  |c 14 x 9 cm 
520 8 |a Zobrazenie: V bielom orámovaní pohľad na časť mestských hradieb 
546 |a Súbežný názov v nemčine a maďarčine 
650 0 7 |a mestské hradby  |2 SNKPH  |9 73176 
651 7 |a Levoča (Slovensko)  |2 SNKPHgeo  |9 26696 
655 7 |a miestne pohľadnice  |2 SNKPH  |9 70510 
752 |a Slovensko  |d Levoča 
852 |a Slovenská národná knižnica 
954 |a pohľadnice pôvodné (slovenské)  |2 lita 
954 |a pohľadnice cudzojazyčné (svetové)  |2 lita 
958 |a OND 
958 |a GBN 
958 |a GC 
958 |a EUIPO 
999 |c 857713  |d 859643 
952 |a SNK  |b SNK  |y PREZ  |7 0  |p 17A1294392  |o snkSP 75263  |z Pohľadnica prešla poštou.  |0 0  |1 0  |4 0  |d 2018-09-18  |f 1  |l 0  |r 2026-02-24 05:02:05  |w 2026-02-24